000 03292nam0a2200397 4500
001 RU\NLR\BIBL_A\016216918
005 20250109171244.0
021 _aRU
_bКН-П-22-072979
_9КН-П-22-6352
035 _a(NLR Aleph) 016216918
035 _a(RuMoRGB)011299467
090 _a12725384
_c12725384
100 _a20221124d2022 u y0rusy50 ca
101 0 _arus
102 _aRU
105 _aa|||j|||000zy
181 0 _ai
_baxxe
182 0 _an
200 1 _aБазовые физико-химические методы исследования полимеров в вопросах и ответах
_eучебное пособие
_eдля обучающихся по направлениям подготовки 18.03.01 Химическая технология, 18.04.01 Химическая технология и по специальности 04.05.01 Фундаментальная и прикладная химия
_fХараев А. М., Шелгаев В. Н., Бажева Р. Ч. [и др.]
_gМинистерство науки и высшего образования Российской Федерации, Бюджетное образовательное учреждение высшего образования "Кабардино-Балкарский государственный университет имени Х. М. Бербекова"
203 _aТекст
_bвизуальный
_cнепосредственный
210 _aНальчик
_cКБГУ
_d2022
215 _a47 с.
_cил., табл.
_d27
300 _aАвт. указаны на обороте тит. с.
320 _aБиблиогр.: с. 46-47
330 _aИздание посвящено динамическому освоению теоретических знаний разных видов физико-химического анализа полимеров (термический, хроматографический и ИК-спектральный анализ) с целью их практического применения в реальных исследованиях. Предназначено для обучающихся по направлениям подготовки "Химическая технология" и специальности "Фундаментальная и прикладная химия"
606 1 _aПолимеры
_jУчебные издания для высших учебных заведений
_xФизико-химический анализ
_92159302
_3RU\NLR\AUTH\661604335
675 _a544(075.8)
_v4
686 1 _aГ715я73-1
701 1 _7ca
_8rus
_aХараев
_bА. М.
_f1955-
_gАрсен Мухамедович
_92647647
_3RU\NLR\AUTH\770275680
701 1 _aШелгаев
_bВ. Н.
_gВалентин Николаевич
701 1 _7ca
_8rus
_aБажева
_bР. Ч.
_f1961-
_gРима Чамаловна
_92647658
_3RU\NLR\AUTH\770275691
712 0 2 _4475
_aКабардино-Балкарский государственный университет им. Х. М. Бербекова
_cНальчик
_9344685
_3RU\NLR\AUTH\889924422
942 _cBOOK
980 _aNB